000 00575nam a2200241Ia 4500
003 OSt
005 20221005130818.0
006 a|||||r|||| 00| 0
007 ta
008 221004b |||||||| |||| 00| 0 tam d
024 _a45494
037 _cTextual
040 _aCRL
_cCRL
_btam
041 _2tam
_atam
082 _aw2'N, 31M2
100 _aKannadasan
_9625283
245 0 _aSandithen chinditten
260 _c1956
300 _a231p.
_ccm.
650 _aBIOGRAPHY
942 _hw2'N, 31M2
_cTEXL
_2cc
999 _c1058482
_d1058482